Soñadores
Uloženo v:
| Hlavní autor: | |
|---|---|
| Médium: | Kniha |
| Jazyk: | španělština |
| Vydáno: |
Santiago
Empresa Letras
1937
|
| Témata: | |
| Tagy: |
Přidat tag
Žádné tagy, Buďte první, kdo vytvoří štítek k tomuto záznamu!
|
MARC
| LEADER | 00000nam a2200000 a 4500 | ||
|---|---|---|---|
| 001 | UCH1980 | ||
| 003 | CL-VaPUC | ||
| 008 | 090520e19370000CL |||||||||||||||||spa|d | ||
| 082 | 0 | 4 | |a 808.8023 |b HAM |2 21 |
| 100 | |a Hamsun, Knut |9 719794 | ||
| 245 | 1 | 0 | |a Soñadores |
| 300 | |a 120 p | ||
| 942 | |c BK | ||
| 945 | |d 20090520 00:00:00 |a dcastane | ||
| 260 | |a Santiago |b Empresa Letras |c 1937 | ||
| 500 | |a Premio Nobel de Literatura 1920 | ||
| 650 | 0 | |a Literatura |9 259151 | |
| 650 | 7 | |a NARRATIVA EUROPEA |2 CL-VaPUC |9 536608 | |
| 583 | |a last modification |c 20090520 00:00:00 |k Rodrigo Vera | ||
| 999 | |c 333849 |d 333847 | ||
| 952 | |0 0 |1 0 |4 0 |6 808_802300000000000_HAM_1937 |7 0 |8 A |9 422492 |a BIBHIS |b BIBHIS |d 2019-11-22 |i 4517660 |o 808.8023 HAM 1937 |p 4517660 |r 2025-01-20 |w 2019-11-22 |y BK |k HIS | ||